800 millones de adultos privados de un derecho elemental (Record no. 61597)

MARC details
000 -CABECERA
campo de control de longitud fija 00522nam a2200193 a 4500
005 - FECHA Y HORA DE LA ÚLTIMA TRANSACCIÓN
campo de control 20210219152819.0
008 - ELEMENTOS DE LONGITUD FIJA--INFORMACIÓN GENERAL
campo de control de longitud fija 991125n 000 0 spa u
035 ## - NÚMERO DE CONTROL DEL SISTEMA
Número de control de sistema UPN01000062249
222 ## - TÍTULO CLAVE
Título clave CORREO DE LA UNESCO
245 ## - MENCIÓN DE TÍTULO
Título 800 millones de adultos privados de un derecho elemental
300 ## - DESCRIPCIÓN FÍSICA
Extensión 4-9
362 ## - FECHAS DE PUBLICACIÓN Y/O DESIGNACIÓN SECUENCIAL
Fecha de publicación y/o designación secuencial 1980 Vol. 33, no. 6, jun.
653 0# - TERMINO DE INDIZACION - NO CONTROLADO
Término no controlado ALFABETIZACION
653 0# - TERMINO DE INDIZACION - NO CONTROLADO
Término no controlado ANALFABETISMO
653 0# - TERMINO DE INDIZACION - NO CONTROLADO
Término no controlado EDUCACION BASICA
653 0# - TERMINO DE INDIZACION - NO CONTROLADO
Término no controlado EDUCACION PERMANENTE
904 ## - ELEMENTOS DE DATOS D LOCAL, LDD (RLIN)
a AC
b 000060
905 ## - TIPO DE MATERIAL
Tipo de material Articulo

No items available.